| 000 | 01161cam a22003252a 4500 | ||
|---|---|---|---|
| 999 |
_c1074 _d1074 |
||
| 001 | .b14202645 | ||
| 003 | OSt | ||
| 005 | 20210528095334.0 | ||
| 008 | 151025s2015 nyuab c 000 1 eng | ||
| 020 | _a0062367064 | ||
| 020 |
_a9780062367068 _q(pbk.) : |
||
| 020 |
_a9780062367150 _qBox set |
||
| 040 |
_aKUAS _beng _cDIPPER _erda |
||
| 041 | 0 | _aeng | |
| 042 | _anbic | ||
| 082 | _aFIC HUN | ||
| 100 | 1 |
_aHunter, Erin, _eauthor. |
|
| 245 | 1 | 0 |
_aTwilight / _cErin Hunter. |
| 250 | _aRevised paperback edition. | ||
| 260 |
_aNew York, NY : _bHarper, an imprint of HarperCollins Publishers, _c2015. |
||
| 300 |
_a319, 14 pages : _billustrations, maps ; _c20 cm. |
||
| 490 | 1 |
_aWarriors, the new prophecy ; _vbook 5. |
|
| 520 | _aAfter the warrior cat Clans settle into their new homes, the harmony they once had disappears as the clans start fighting each other, until the day their common enemy--the badger--invades their territory. | ||
| 650 | 0 |
_aBadgers _xFiction. |
|
| 650 | 0 |
_aCats _xFiction. |
|
| 650 | 0 |
_aCats _xJuvenile fiction. |
|
| 650 | 0 | _aFantasy. | |
| 800 | 1 |
_aHunter, Erin. _tWarriors, the new prophecy ; _vbook 5. |
|
| 942 |
_2ddc _cFIC |
||